00614nam a2200181Ia 450000500170000000800370001702000180005404000550007204100080012710000210013524500800015626000660023630000180030265000290032065000300034970000190037976500340039820220819145844.0130821s mx gr spa  a9789707804517 aCo-BoUCMbspacDeissy Garcia (modificó)d[Nuevo]00aspa1 aSharma, Robin S.13aEl monje que vendió su ferrari una fábula espiritualcRobin S, Sharma  a[México]b[Editor no identificado]c[fecha no identificada] a169 páginas04aFábulas estadounidense04aLiteratura estadounidense1 aFontana, Pedro tThe monk who sold his ferrari